| 000 | 00700nam a22002057a 4500 | ||
|---|---|---|---|
| 005 | 20251108172451.0 | ||
| 008 | 250721s9999 xx 000 0 ara d | ||
| 082 | 1 | 4 | _a636.3برب |
| 100 | 1 | _aبربري، عادل سيد أحمد | |
| 245 | 1 | 0 | _aتربية و إنتاج الأغنام / |
| 264 | 1 |
_aالقاهرة : _bمنشأة المعارف، |
|
| 300 | _a35ص | ||
| 490 | 0 | _aسلسلة النواحي الفنية في أنشطة الإنتاج الحيواني , 2 | |
| 650 | 1 | 7 | _aالضأن |
| 650 | 1 | 7 | _aتربية الحيوان |
| 650 | 1 | 7 | _aإنتاج اللحوم |
| 700 | 1 |
_aالقمري، إبراهيم صالح _eمؤلف مشارك |
|
| 942 |
_2ddc _cBK |
||
| 999 |
_c80062 _d80062 |
||